| 000 | 00842nam a22002177a 4500 | ||
|---|---|---|---|
| 999 |
_c17893 _d17893 |
||
| 003 | AR-CdUCM | ||
| 008 | 190510b ||||| |||| 00| 0 spa d | ||
| 040 |
_aMUNICIPALIDAD PROVINCIAL DEL CUSCO _cBIBLIOTECA MUNICIPAL DEL CUSCO |
||
| 082 |
_26ed. _a129.66 / _bOR73 |
||
| 100 |
_aOrtega y Gasset, José _95772 |
||
| 245 | _aEl hombre y la gente / | ||
| 260 |
_aMadrid : _bEdiciones de la Revista de Occidente, _c1970. |
||
| 300 |
_a212 páginas ; _c19 cm. |
||
| 440 |
_aColeccion el Arquero. _938116 |
||
| 505 | _aContenido: t.2: El peligro que es el otro y la sorpresa que es el yo -- De pronto aparece la gente -- Meditación del saludo -- El decir de la gente ... | ||
| 650 |
_aEnsayos filosóficos _96877 |
||
| 650 |
_aAntropología filosófica _912049 |
||
| 650 |
_aFilosofía _9395 |
||
| 942 |
_2ddc _cLIBROS |
||
| 945 |
_aachl _d2019-05-10 |
||